Sistemas de información contable 1 /
Guardado en:
| Autor Principal: | |
|---|---|
| Formato: | Libro |
| Publicado: |
Córdoba :
Del Autor,
1997
|
| Materias: | |
| Etiquetas: |
Agregar Etiqueta
Sin Etiquetas, Sea el primero en etiquetar este registro!
|
| LEADER | 00870nam a22002175a 4500 | ||
|---|---|---|---|
| 001 | CEM.cems011044 | ||
| 008 | 130507s1997##################000#0#####d | ||
| 005 | 20241220094719.0 | ||
| 245 | 1 | 0 | |a Sistemas de información contable 1 / |c Chibli Yammal |
| 260 | |a Córdoba : |b Del Autor, |c 1997 | ||
| 300 | |a 275 p. | ||
| 505 | 0 | |a Información contable -- Ejercitación en Libro diario -- Contabilidad sectorial centralizada -- Balance general | |
| 020 | |a 9879524764 | ||
| 100 | 1 | |a Yammal, Chibli | |
| 082 | 0 | 4 | |a Z657 |
| 653 | |a Contabilidad | ||
| 653 | |a Contabilidad-3º egb | ||
| 859 | |a CEMS |b BIB. CEMS - 11 de abril |h Z657 |i Y14-1 |p 21859.02 |t Ej.1 |v I |3 I | ||
| 859 | |a CEMS |b BIB. CEMS - 11 de abril |h Z657 |i Y14-1 |p 21860.02 |t Ej.2 |v I |3 I | ||
| 859 | |a CEMS |b BIB. CEMS - 11 de abril |h Z657 |i Y14-1 |p 21861.02 |t Ej.3 |v I |3 I | ||
| 859 | |a CEMS |b BIB. CEMS - 11 de abril |h Z657 |i Y14-1 |p 22113.03 |t Ej.5 |v I |3 I | ||
